| 000 | 00000nam##2200000za#4500 |
| 001 | 9.614765 |
| 003 | CaOODSP |
| 005 | 20200706133918 |
| 007 | ta |
| 008 | 150406|1999||||xxc||||| f|0| 0 eng|d |
| 020 | |a0-660-17740-4 |
| 022 | |a1200-5223 |
| 040 | |aCaOODSP|beng |
| 043 | |an-cn--- |
| 086 | 1 |aCS11-0019/131E |
| 245 | 04|aThe returns to education, and the increasing wage gap between younger and older workers / |cby C. Kapsalis, R. Morissette and Garnett Picot. |
| 260 | |aOttawa - Ontario : |bStatistics Canada. |c1999. |
| 300 | |a22p. : |breferences, tables ; |c28 cm. |
| 490 | 1 |aResearch paper series|x1200-5223|v131 |
| 500 | |a"Two sets of data are employed in this research. We use the Survey of consumer finances (SCF) to examine weekly earnings over the 1981-95 period... We also use the Survey of work history (SWH) of 1981 and the Labour market activity survey (LMAS) of 1988 to examine both weekly earnings and hourly wages over the 1981-1988 period... To keep the comparison tractable, we restrict our attention to two age groups: individuals aged 25-34 and those aged 45-54."--Page 2. |
| 520 | 3 |aTwo sets of data are employed in this research. We use the Survey of consumer finances (SCF) to examine weekly earnings over the 1981-95 period... We also use the Survey of work history (SWH) of 1981 and the Labour market activity survey (LMAS) of 1988 to examine both weekly earnings and hourly wages over the 1981-1988 period... To keep the comparison tractable, we restrict our attention to two age groups: individuals aged 25-34 and those aged 45-54.--Page 2 |
| 563 | |aSoftcover |
| 590 | |a99-20|b1999-05-21 |
| 710 | 2 |aStatistics Canada. |bAnalytical Studies Branch. |
| 720 | 1 |aSweetman, Arthur |
| 720 | 1 |aKapsalis, C. |
| 720 | 1 |aMorissette, R. |
| 775 | 08|tL'incidence de la scolarité et l'écart salariale grandissant entre les jeunes travailleurs et les travailleurs âgés / |w(CaOODSP)9.625011 |
| 776 | 0#|tThe returns to education, and the increasing wage gap between younger and older workers / |w(CaOODSP)9.574647 |
| 830 | #0|aResearch paper series,|x1200-5223|v131|w(CaOODSP)9.514463 |